Energy prices & taxes - third quarter 2001 quarterly statistics

Saved in:
Bibliographic Details
Corporate Author: OECD. International Energy Agency
Format: Book
Language:English
Published: Paris OECD/IEA 2001
Series:IEA statistics
Subjects:
Tags: Add Tag
No Tags, Be the first to tag this record!

MARC

LEADER 00000nam a2200000 4500
001 c129749
005 20221124103021.8
020 |a 92-64-19071-6 
022 |a 0256-2332 
041 0 |a eng 
044 |a FR 
245 1 0 |a Energy prices & taxes - third quarter 2001  |b quarterly statistics 
264 1 |a Paris  |b OECD/IEA  |c 2001 
300 |a 473 s. 
490 1 |a IEA statistics 
830 0 |a IEA statistics 
500 |a Titul je od r. 2002 spracovaný v BD Seriály. 
610 2 0 |a energetika 
610 2 0 |a energia 
610 2 0 |a ceny 
610 2 0 |a dane 
610 2 0 |a štatistika 
610 2 0 |a štatistika cenová 
610 2 0 |a OECD 
610 2 0 |a 2001 
610 2 0 |a júl-september 
710 2 |a OECD. International Energy Agency